A history of prices, and of the state of the circulation, from 1839 to 1847 inclusive (Record no. 113895)

MARC details
000 -LEADER
fixed length control field 00702cam a22001815a 4500
001 - CONTROL NUMBER
control field L155883
008 - FIXED-LENGTH DATA ELEMENTS--GENERAL INFORMATION
fixed length control field 120418s1848 xxk f 000 0 eng d
035 ## - SYSTEM CONTROL NUMBER
System control number (Sirsi) u155883
041 0# - LANGUAGE CODE
Language code of text/sound track or separate title eng
100 1# - MAIN ENTRY--PERSONAL NAME
Personal name Tooke, Thomas
Dates associated with a name 1774-1858
245 02 - TITLE STATEMENT
Title A history of prices, and of the state of the circulation, from 1839 to 1847 inclusive
Remainder of title with a general review of the currency question, and remarks on the operation of the act 7 & 8 Vict. c. 32
260 ## - PUBLICATION, DISTRIBUTION, ETC.
Place of publication, distribution, etc. London
Name of publisher, distributor, etc. Printed for Longman, Brown, Green, and Longmans
Date of publication, distribution, etc. 1848
300 ## - PHYSICAL DESCRIPTION
Extent xiv, 500 p.
Dimensions 23 cm.
583 ## - ACTION NOTE
Action Condition reviewed
Time/date of action 20120620
Status condition level 4
651 #4 - SUBJECT ADDED ENTRY--GEOGRAPHIC NAME
Geographic name Great Britain
Chronological subdivision 1707-
690 ## - LOCAL SUBJECT ADDED ENTRY--TOPICAL TERM (OCLC, RLIN)
Topical term or geographic name as entry element Finance and taxation
942 ## - ADDED ENTRY ELEMENTS (KOHA)
Suppress in OPAC 0
Holdings
Withdrawn status Lost status Damaged status Not for loan Home library Current library Shelving location Date acquired Total Checkouts Full call number Barcode Date last seen Copy number Price effective from Koha item type
        Historic collection Historic collection Historic collection 18/04/2012   PRICES OCTAVO 1848 TOOKE 30077233 20/08/2025 1 06/08/2019 Book